Sly Cooper - personnages par image - Statistiques

Statistiques générales
  • Ce quiz a été pris 15 fois
  • Le résultat moyen est 11 sur 16
Statistiques - réponses
Par images Réponse % Correct
Carmelita Montoya Fox
100%
Murray
100%
Octavio
100%
Panda King
100%
Sly
100%
Bentley
88%
Toothpick
88%
Jean Bison
86%
Dimitri
80%
Penelope
80%
Rajan
80%
Gourou
75%
Rioichi
75%
La Comtesse
71%
El Jefe
67%
Miss Decibel
67%
Muggshot
67%
Neyla
67%
Raleigh
67%
Le Paradoxe
60%
Sir Galleth
60%
Baron Noir
50%
Bob
50%
Clockwerk
50%
Dr M
50%
Général Tsao
50%
La Fouine
50%
Le Grizz
50%
Masque noir de la terre sombre
50%
Tennesse Kid
43%
Miss Ruby
25%
Arpeggio
20%
Salim Al-Kupar
20%
Aucun quiz correspondant
Distribution des résultats
% des personnes avec chaque résultat
Percentile par nombre de réponses
Votre historique - résultats
Vous n’avez pas pris ce quiz